| 000 | 00694cab a2200241 4500 | ||
|---|---|---|---|
| 001 | ABS59702 | ||
| 008 | 090401t1998 xxu||||| |||| 00| 0 eng d | ||
| 035 | _a(Sirsi) u89896 | ||
| 041 | _aeng | ||
| 100 | _aKirkwood, J. | ||
| 245 | _aGIS insight on site | ||
| 260 | _c1998 | ||
| 350 | _a0 | ||
| 490 |
_aEstates Gazette _v(9847) 21 November 1998, 130-131(2) |
||
| 520 | _aComments on the opportunities for the property sector provided by GIS, and reviews the use of ArcView as an aid to site selection. | ||
| 650 | _aDATA ANALYSIS | ||
| 650 | _aGIS | ||
| 650 | _aMARKETING | ||
| 650 | _aSITE ACQUISITION | ||
| 690 | _aMAPPING AND MEASUREMENT | ||
| 942 | _n0 | ||
| 948 | _c24/11/1998 | ||
| 999 |
_c56915 _d56915 |
||